Sports Quiz

Random Sports or Baseball Quiz

MLB Memorable Moments Quiz Stats

 Plays Quiz Updated Jul 6, 2018

Score 0/20 Timer 05:00
0 Plays Today
Feat Player % Correct
1932 - Hit much debated 'called shot' home run for the Yankees over the CubsBabe Ruth
97.9%
1947 - First African-American MLB player of the modern era with the DodgersJackie Robinson
93.7%
1991 - Throws his 7th no hitter with the Texas RangersNolan Ryan
90.3%
1995 - Starts 2,131st consecutive game to break the recordCal Ripken Jr.
89.7%
1998 - Ended the season with 70 and 66 single season home runs, breaking easily the 38 year old recordMark McGwire & Sammy Sosa
89.6%
1977 - Known as Mr. October, hit 3 home runs in World Series game 6.Reggie Jackson
89%
1954 - Nicknamed 'The Catch', he caught an over-the-shoulder fly ball to center field in game 1 of the World SeriesWillie Mays
88.2%
1985 - Broke Ty Cobb's all time hit record with his 4,192 hitPete Rose
86.3%
1939 - Proclaimed himself the 'luckiest man on the face of the earth' at his retirementLou Gehrig
85.5%
1941 - Last player to hit over .400, going 6 for his last 8 at bats to end at .406Ted Williams
84.3%
Feat Player % Correct
1986 - Let winning hit go through his legs in Game 6 of the World SeriesBill Buckner
83.1%
1961 - Broke the 34 year old single-season home run record with 61 home runsRoger Maris
80.8%
1988 - Pinch hit the walk-off home run for the Dodgers in World Series game 1Kirk Gibson
76.1%
1991 - Hit walk-off home run in bottom of the 11th for the Twins in World Series game 6Kirby Puckett
74.9%
1956 - Pitched the only perfect game in World Series historyDon Larsen
59.8%
1971 - First Negro League player inducted into the National Baseball Hall of FameSatchel Paige
58%
1978 - Yankee who is the bane of Red Sox fans for hitting 3-run home run in the AL East tie-breaker gameBucky Dent
55.9%
1951 - Hit the walk-off homer 'Shot Heard Round the World' which clinched NL pennant for GiantsBobby Thomson
50%
1960 - Hit only game-winning home run in game 7 of the World SeriesBill Mazeroski
41.5%
1938 - Only player to throw consecutive no-hittersJohnny Vander Meer
27.9%

You're not logged in!

Compare scores with friends on all Sporcle quizzes.
OR
Log In

Sporcle TV

Today on Sporcle TV


Watch our educational content, quiz creation guides, and fun videos on Sporcle TV.

Show Comments

Extras

Top Quizzes Today


Score Distribution

Your Account Isn't Verified!

In order to create a playlist on Sporcle, you need to verify the email address you used during registration. Go to your Sporcle Settings to finish the process.

Report this User

Report this user for behavior that violates our Community Guidelines.

Details: